Lignes 15 et 15b RTM : bus marseillais - Statistiques

Statistiques générales
  • Ce quiz a été pris 4 fois
  • Le résultat moyen est 16 sur 45
Statistiques - réponses
Indice Arrêt % Correct
©50 Les Escourtines
75%
©16/s-17 Huveaune Platanes / Trinitaires Huveaune
75%
©17-91 Romain Rolland Icard
75%
©17 Romain Rolland Pont de Vivaux
75%
©18-91 St Loup Florian
75%
©50 Bancal Barasse
50%
©4-50-51 La Valentelle
50%
©M2-16/s-17-24-24-46/s-47-48/t-73 Sainte Marguerite Dromel
50%
©17 La Sauvagère
50%
©4-50-51 La Valentine Centre Commercial
50%
©91 Lycée Ampère
50%
©18 Lycée Marcel Pagnol
50%
©17 Platanes Romain Rolland / Romain Rolland Belle Ombre
50%
©91 Romain Rolland Gymnase
50%
©18-40 Stade Coder
50%
©18 St Loup Église
50%
©18-40 Valbarelle Andreu
50%
©18-40 Valbarelle Lanfranchi
50%
©18-40 Valbarelle St Jacques
50%
©40 Chemin de la Station
25%
©40 Collège Château Forbin
25%
©50 Escourtines Écoles
25%
©40-50 Gare de la Barasse
25%
Granada
25%
©40-50 La Barasse
25%
©40-50 La Millière
25%
©40-50 La Millière Solitude / Solitude Millière
25%
©40 Lycée Camille Jullian
25%
Lycée Réné Caillé
25%
©40-50 Montgrand
25%
©17 Pauline Ripert
25%
©50 Solitude Escourtines
25%
St Loup de Trets
25%
©40 St Marcel
25%
©40 St Marcel Cavaillon
25%
©50 St Menet
25%
©40 Valbarelle Coder
25%
©18-40 Valbarelle Heckel
25%
©50 Village Estellan
25%
©40 Barasse Beau Site
0%
©40 Barasse Chouquet
0%
©40-50 HLM la Barasse
0%
©40 HLM Néreïdes
0%
©12/b/s-50 La Sablière La Montre
0%
©50 Léon Bancal St Menet
0%
Aucun quiz correspondant
Distribution des résultats
% des personnes avec chaque résultat
Percentile par nombre de réponses
Votre historique - résultats
Vous n’avez pas pris ce quiz